| 000 | 00858nam a2200253 i 4500 | ||
|---|---|---|---|
| 003 | IT-RoINE | ||
| 005 | 20210105114530.0 | ||
| 008 | 040303s2003 sp | q ||| ||spa d | ||
| 020 | _a847491731X | ||
| 040 |
_aSpMaBN _bspa _cIT-RoINE _erdc |
||
| 100 | 1 |
_aCarretero Zamora, Juan Manuel _911768 |
|
| 245 | 1 | 0 |
_aHacienda y negocio financiero en tiempos de Isabel la Católica : _bel libro de hacienda de 1503 / _cJuan M. Carretero Zamora, David Alonso García. |
| 260 |
_aMadrid : _bEditorial Complutense, _c2003. |
||
| 300 |
_a230 p. ; _c24 cm. |
||
| 336 |
_2rdacontent _atext |
||
| 337 |
_2rdamedia _aunmediated |
||
| 338 |
_2rdacarrier _avolume |
||
| 490 | 1 | 0 |
_aLínea 300 ; _v22 |
| 500 | _aÍndices | ||
| 650 | 4 |
_aHacienda pública _zCastilla (Reino) _911769 |
|
| 700 | 1 |
_aAlonso García, David _911770 |
|
| 830 | 0 |
_aLínea 300 ; _911771 _v22 |
|
| 942 | _cMTS | ||
| 999 |
_c5529 _d5529 |
||